000 00851nam a22002297a 4500
999 _c64079
_d64079
005 20240530110713.0
008 180213s2015 ua g 000 1 ara d
017 _a2015/8017
_bمصر. دار الكتب
020 _a9789773223557
040 _aEG-CaGPL
_cEG-CaGPL
082 0 4 _221
_a813.009 /
_bس ط
100 0 _aسليمان الشطى
245 1 0 _aطريق الحرافيش :
_bرؤية فى التفسير الحضارى /
_cسليمان الشطى
250 _aط. 1
260 _aالقاهرة :
_bعين للدراسات و البحوث الانسانية و الاجتماعية،
_c2015.
300 _a95 ص. ؛
_c24 سم.
650 0 7 _2qrmak
_aالادب العربى
650 0 7 _2qrmak
_aالقصص العربية
_xتاريخ ونقد
651 _2qrmak
942 _2ddc
_cBK